Tecson medical clinic online transactions system/ (Record no. 3653)
[ view plain ]
| 000 -LEADER | |
|---|---|
| fixed length control field | 00574nam a22001577a 4500 |
| 008 - FIXED-LENGTH DATA ELEMENTS--GENERAL INFORMATION | |
| fixed length control field | 160803b xxu||||| |||| 00| 0 eng d |
| 082 ## - DEWEY DECIMAL CLASSIFICATION NUMBER | |
| Edition number | 2012 |
| Classification number | UT 0371 |
| Item number | B21 |
| 100 ## - MAIN ENTRY--PERSONAL NAME | |
| 9 (RLIN) | 12168 |
| Personal name | Bancoro, Jay Marie G. |
| 245 ## - TITLE STATEMENT | |
| Title | Tecson medical clinic online transactions system/ |
| Statement of responsibility, etc. | Jay Marie G. Bancoro, Mc. Angelo Sarona and Alex B. Salajog. |
| 260 ## - PUBLICATION, DISTRIBUTION, ETC. (IMPRINT) | |
| Place of publication, distribution, etc. | Digos City: |
| Name of publisher, distributor, etc. | UMDC |
| Date of publication, distribution, etc. | August 2012. |
| 300 ## - PHYSICAL DESCRIPTION | |
| Extent | 105 pages; |
| Dimensions | 30 cm. |
| 650 #0 - SUBJECT ADDED ENTRY--TOPICAL TERM | |
| 9 (RLIN) | 12167 |
| Topical term or geographic name as entry element | Information Technology |
| General subdivision | Undergraduate thesis. |
| 700 ## - ADDED ENTRY--PERSONAL NAME | |
| 9 (RLIN) | 12165 |
| Personal name | Sarona, Mc. Angelo. |
| 700 ## - ADDED ENTRY--PERSONAL NAME | |
| 9 (RLIN) | 12166 |
| Personal name | Salajog, Alex B. |
| 942 ## - ADDED ENTRY ELEMENTS (KOHA) | |
| Source of classification or shelving scheme | Dewey Decimal Classification |
| Koha item type | Undergraduate Thesis |
| Withdrawn status | Lost status | Source of classification or shelving scheme | Damaged status | Not for loan | Collection code | Home library | Current library | Date acquired | Total Checkouts | Full call number | Barcode | Date last seen | Price effective from | Koha item type |
|---|---|---|---|---|---|---|---|---|---|---|---|---|---|---|
| Dewey Decimal Classification | Undergraduate Theses | UM Digos College - LIC | UM Digos College - LIC | 08/03/2016 | UT 0371 B21 2012 | UT0371 | 08/03/2016 | 08/03/2016 | Undergraduate Thesis |
